banner-ar

SPECTROSCOPIC METHODS IN ORGANIC CHEMISTRY, 4TH ED. / (Record no. 20539)

MARC details
000 -الفاتح
حقل البيانات ثابتة الطول 00587nam a2200205Ia 4500
008 - عناصر البيانات ثابتة الطول - معلومات عامة
حقل البيانات ثابتة الطول 140319s9999 xx 000 0 eng d
040 ## - مصدر الفهرسة
وكالة الفهرسة الأصلية GCL /
وكالة النسخ GCL
082 04 - رقم تصنيف ديوى العشرى
رقم التصنيف 547
رقم المادة W S
100 1# - المدخل الرئيسى - إسم شخصى
الإسم الشخصى WILLIAMS, D.D.
245 10 - بيان العنوان
العنوان SPECTROSCOPIC METHODS IN ORGANIC CHEMISTRY, 4TH ED. /
بيان المسئوليه,etc WILLIAMS, D.D.
700 1# - المدخل الاضافى - اسم شخصى
الإسم الشخصى FLEMING, IAN
260 ## - PUBLICATION, DISTRIBUTION, ETC. (IMPRINT)
تاريخ النشر أو التوزيع 1988
300 ## - الوصف المادى
التعداد 246 P
650 04 - المدخل الاضافى بالموضوع-مصطلح موضوعى
مصطلح موضوعي ORGANIC CHEMISTRY
650 04 - المدخل الاضافى بالموضوع-مصطلح موضوعى
مصطلح موضوعي ORGANIC COMPOUNDS
650 04 - المدخل الاضافى بالموضوع-مصطلح موضوعى
مصطلح موضوعي INFRARED SPECTRA
650 04 - المدخل الاضافى بالموضوع-مصطلح موضوعى
مصطلح موضوعي MOLECULAR SPECTROSCOPY
942 ## - عناصر المدخل الإضافي( كوها)
مصدر التصنيف او مخطط الترفيف Dewey Decimal Classification
Koha [default] item type كتاب
260 ## - PUBLICATION, DISTRIBUTION, ETC. (IMPRINT)
-- [S.N] :
-- TATA MCGRAW - HILL PUBLISHING COMPANY LT ،
Holdings
حالة التراجع حالة الفقد حالة تلف ليس للاعارة المكان المؤقت الموقع الحالى تاريخ الاكتساب اجمالي اﻻعارات رقم الطلب الباركود تاريخ اخر مشاهدة تاريخ تفعيل السعر نوع وعاء كوها
        مكتبة القاهرة الكبرى مكتبة القاهرة الكبرى 03/26/2014   547\W S 38464 03/26/2014 03/26/2014 كتاب

Powered By

EGPV